Statistics for Most Popular Pub Names in Australia

Click here to take the quiz!

General Stats

  • This quiz has been taken 23 times
  • The average score is 4 of 30

Answer Stats

NumberAnswer% Correct
34Crown
56%
242Royal
50%
74Railway
44%
39Imperial
33%
43Victoria
28%
17Empire
22%
34Australian
17%
137Commercial
17%
23Junction
17%
14Prince of Wales
17%
34Golden
11%
17Northern
11%
16Terminus
11%
14Western
11%
44Central
6%
107Club
6%
29Criterion
6%
11Farmer
6%
31Federal
6%
81Grand
6%
32Star
6%
23Albion
0%
22Courthouse
0%
42Exchange
0%
15Globe
0%
20Palace
0%
16Post Office
0%
21Shamrock
0%
11Telegraph
0%
19Union
0%

Score Distribution

Percentile by Number Answered

Percent of People with Each Score

Your Score History

You have not taken this quiz